00500nam a2200193 a 4500001001300000003000900013005001700022008004100039020001100080082001300091100001900104245006100123260003200184300000900216500003500225505001000260650001700270700001900287nice12345678IN_TiNIC20260116015214.0050524s1966 lona grp 000 0 eng  ac235000a201bHUE aHuelin, Gordon aAll in Good Faithb an Anthology of Western Christianity aLondonbLeslie Frewinc1966 a280p aincludes index and biblioraphy2 aIndex aChristianity1 aHuelin, Gordon